Fr. Conceicao Rodrigues College of Engineering

Programming In Ansi C (Record no. 19625)

MARC details
000 -LEADER
fixed length control field 00268nam a2200121Ia 4500
082 ## - DEWEY DECIMAL CLASSIFICATION NUMBER
Classification number 005.133/BAL
100 ## - MAIN ENTRY--PERSONAL NAME
Personal name Balagurusamy/E.
245 ## - TITLE STATEMENT
Title Programming In Ansi C
260 ## - PUBLICATION, DISTRIBUTION, ETC.
Name of publisher, distributor, etc. Tata McGraw Hill
Place of publication, distribution, etc. New Delhi.
Date of publication, distribution, etc. 2004
300 ## - PHYSICAL DESCRIPTION
Extent 493
546 ## - LANGUAGE NOTE
Language note ENGLISH
942 ## - ADDED ENTRY ELEMENTS (KOHA)
Koha item type BOOK
Holdings
Withdrawn status Lost status Damaged status Not for loan Collection Home library Current library Date acquired Total Checkouts Full call number Barcode Date due Date last seen Date last checked out Price effective from Koha item type
        AFT Fr. Agnel's C.Rodrigues College of Engineering Fr. Agnel's C.Rodrigues- College of Engineering 17/03/2023 1 005.133/BAL AFT8095 05/04/2022 12/06/2023 12/06/2023   BOOK